000 00475nam a2200181 4500
001 44344
090 _a44344
100 _a20250319 pory50
101 _apor
_aing
102 _aPT
200 _aAntigas Civilizações As Cidades secretas da Amazónia
_fNational Geographic
210 _a[S.l.]
_cNational Geographic
_d[d. reg. 2009]
215 _a1 DVD
225 _aNational Geographic
300 _a50 min M/6
675 _a94(3)
801 _aPT
_gRPC
990 _cFILMES DVD